Refined Quartz Crafting Recipies in Stardew Valley - Statistics

General Stats
  • This quiz has been taken 5 times
  • The average score is 5 of 7
Answer Stats
Materials required to craft Product % Correct
1 RQ Crystal Floor
100%
10 RQ + 1 Dwarf Gadget + 1 Battery Pack Farm Computer
100%
1 RQ + 5 Bat Wings + 1 Iron Bar Lightning Rod
100%
1 RQ + 1 Gold Bar + 1 Iron bar Quality Sprinkler
100%
1 RQ Crystal Path
50%
1 RQ + 1 Clay + 10 Stone Garden Pot
25%
10 RQ + 5 Iron Bars + 5 Gold Bars Solar Panel
25%
No matching quizzes found
Score Distribution
Percent of People with Each Score
Percentile by Number Answered
Your Score History
You have not taken this quiz